000 00895nam a2200241Ia 4500
001 23123
003 GE_BSU
008 181216s||||||||xx |||||||||||||| ||und||
040 _cGE_BSU
080 _aპერიოდიკა
245 _aСоциальная педагогика. №4-5. 2017
245 _bпрактический журнал для социальных работников и педагогов
245 _cред.М.П. Гурьянова
260 _aМосква
260 _bНародное образование
260 _c2017
300 _a162 стр. 28 см.
653 _aПериодика
653 _aпрактический журнал для социальных работников и педагогов
653 _aСоциальная педагогика. №4-. 2017
653 _aპერიოდიკა
942 _cCR
999 _c56023
_d56023